| 000 | 00759nam a2200229 a 4500 | ||
|---|---|---|---|
| 001 | 48503 | ||
| 003 | BD-RjUL | ||
| 005 | 20211209054532.0 | ||
| 008 | 160814s1977 bg ||||| |||| 00| d ben d | ||
| 020 | _c: Tk 15.00 | ||
| 035 | _a(BD-RjUL) 48622 | ||
| 040 |
_aBD-RjUL _bben _cBD-RjUL |
||
| 041 | _aben | ||
| 082 |
_223 _a891.442 _bCHB 1977 |
||
| 100 | 1 |
_aচৌধুরী, মুনীর _9116585 |
|
| 245 | 1 | 0 |
_aবৈদেশী / _cমুনীর চৌধুরী |
| 260 |
_aঢাকা : _bবাংলাদেশ শিল্পকলা একাডেমী, _c১৯৭৭ |
||
| 300 |
_a১৯৩ পৃ. ; _c১৯ সেমি. |
||
| 650 |
_aবাংলা নাটক _9146624 |
||
| 650 |
_aBangali drama _9146625 |
||
| 942 |
_2ddc _cBK |
||
| 999 |
_c48503 _d48503 |
||